Statistics for Harry Potter characters by death #2

Click here to take the quiz!

General Stats

  • This quiz has been taken 4,364 times
    (4,360 since last reset)
  • The average score is 8 of 15

Answer Stats

DeathAnswer% Correct
Died to protect his wife and sonJames Potter
92%
Head cut off by NevilleNagini
88%
Tried to touch Harry with Voldermort stuck to his headQuirinus Quirrel
84%
Stabbed in the mouth by Gryffindor's swordThe Basilisk
81%
Peter Pettigrew with Voldemort's wandCedric Diggory
78%
Tried to stop a duel between Albus, Aberforth and GrindelwaldAriana Dumbledore
66%
Hogwarts battlement with TonksRemus Lupin
65%
Voldermort, so Nagini could use her bodyBathilda Bagshot
58%
Voldermort, so Thicknesse could take his placeRufus Scrimgeour
51%
Voldemort, for leaving his motherTom Riddle Sr
47%
Killing curse, then transfigured into a boneBarty Crouch Sr
41%
Death Eaters, after fleeing the country for a yearIgor Karkaroff
36%
Voldermort in AlbaniaBertha Jorkins
32%
Attacked by a foxBinky
13%
Head torn off by giantsKarkus
9%

Score Distribution

Percentile by Number Answered

Percent of People with Each Score

Your Score History

You have not taken this quiz since the last reset